| 000 | 01351nam a22002657a 4500 | ||
|---|---|---|---|
| 005 | 20170124103159.0 | ||
| 010 | _aB-155095 | ||
| 020 |
_c00.00 _a817124372 |
||
| 035 | _aB-155095 | ||
| 037 | _bCen Lib/Ret | ||
| 040 |
_aDPL _bHN |
||
| 082 |
_a305.4 _bकेडिया |
||
| 100 |
_aकेडिया, कुसुमलता _990728 |
||
| 245 |
_aस्त्रीत्व : _cकुसुमलता केडिया [और] रामेश्वरप्रसाद मिश्र _bधारणाएं एवं यथार्थ / |
||
| 246 |
_aStrittva : dharnayen evam yathartha / _bby Kusumlata Kedia [aur] Rameshwar Prasad Mishra |
||
| 260 |
_aवाराणसी _bविश्वविद्यालय प्रकाशन _c2004 |
||
| 270 |
_aचौक _bवाराणसी _e221001 |
||
| 300 |
_a170पृ. : _c21सेमी (सजिल्द) |
||
| 650 |
_aस्त्री की दशा -- हिन्दू सभ्यता _990729 |
||
| 650 |
_aभारतीय स्त्री की आत्मछवि _990730 |
||
| 650 |
_aThe woman's condition -- Hindu Civilization _990731 |
||
| 650 |
_aIndian woman's self-image _990732 |
||
| 700 |
_aमिश्र, रामेश्वरप्रसाद _945068 |
||
| 942 |
_2ddc _cHN _h305.4 _mकेडिया |
||
| 999 |
_c120497 _d120497 |
||